Pays frontalier à l'Autriche-Hongrie en 1914 - Statistiques

Statistiques générales
  • Ce quiz a été pris 74 fois
    70 depuis la dernière actualisation
  • Le résultat moyen est 7 sur 8
Statistiques - réponses
Réponse % Correct
Empire allemand
98%
Royaume d'Italie
94%
Suisse
87%
Empire russe
86%
Royaume de Serbie
86%
Royaume de Roumanie
84%
Liechtenstein
63%
Royaume du Monténégro
59%
Aucun quiz correspondant
Distribution des résultats
% des personnes avec chaque résultat
Percentile par nombre de réponses
Votre historique - résultats
Vous n’avez pas pris ce quiz depuis la dernière actualisation